Multiple Word Countries Every Word Quiz Stats

Quiz Updated Sep 11, 2017

Also try: Country per Letter
Challenge
Share
Tweet
Embed
Score 0/66 Timer 06:00
5 Plays Today
% Correct
United
95.6%
Saint
93.9%
South
93.7%
Republic
93.6%
Of
91.6%
States
91.1%
North
90.7%
New
89.6%
And
87.6%
The
86%
Kingdom
85.6%
Africa
85.5%
Korea
84.6%
Democratic
83%
Congo
82.2%
Arab
81.7%
America
81.6%
Guinea
81.2%
Zealand
78.8%
Emirates
75.7%
Kitts
73.9%
Trinidad
73.3%
Tobago
72.8%
Islands
72.1%
Nevis
70.8%
Dominican
70.2%
Bosnia
69.2%
City
68.2%
Papua
67.9%
Vatican
67.8%
Sudan
67.5%
San
66.9%
Central
66.7%
% Correct
Leste
66.7%
Herzegovina
66.4%
Saudi
65.6%
Antigua
65.2%
Arabia
64.8%
Vincent
64.3%
Barbuda
64.1%
Grenadines
62.3%
El
61.7%
African
61.6%
Marshall
61.6%
Salvador
61.2%
Marino
61.2%
Bissau
60.4%
Sri
59.7%
Lanka
59.4%
Côte
59.3%
São
58.9%
Equatorial
58.8%
Lucia
58.7%
Timor
58.7%
Tomé
58.3%
D'Ivoire
57.9%
Príncipe
57.6%
Costa
57.5%
Rica
57.1%
Solomon
56.6%
Cabo
55.2%
Verde
54.5%
Faso
48.5%
Burkina
48.5%
Sierra
45.7%
Leone
45.3%

You're not logged in!

Compare scores with friends on all Sporcle quizzes.
Sign Up with Email
OR
Log In

You Might Also Like...

Show Comments

Extras

Top Quizzes Today


Score Distribution

Your Account Isn't Verified!

In order to create a playlist on Sporcle, you need to verify the email address you used during registration. Go to your Sporcle Settings to finish the process.